000 00232nam a2200085Ia 4500
008 120527s9999 xx 000 0 und d
100 _aLa Torre
245 _aSanteria-The Beliefs and Rituals of growing Religion in America
942 _cBK
999 _c25441
_d25441